[Event "NCL967 Guildford-Invicta Kts"]
[Site "Rd1"]
[Date "1996.10.19"]
[Round "1.4"]
[White "Brown, Simon D"]
[Black "Forster, Michael"]
[Result "1-0"]
[WhiteElo "2310"]
[BlackElo "2305"]
[PlyCount "47"]
[EventDate "1996.10.19"]
[Source "J.Saunders"]
[SourceDate "1998.06.06"]

1. d4 Nf6 2. c4 g6 3. Nc3 Bg7 4. e4 d6 5. f4 O-O 6. Nf3 c5 7. d5 e6 8. Be2 exd5
9. cxd5 Re8 10. O-O Nxe4 11. Nxe4 Rxe4 12. Bd3 Re8 13. f5 Nd7 14. Ng5 Ne5 15.
Nxf7 Kxf7 16. fxg6+ Kg8 17. Qh5 hxg6 18. Bxg6 Nxg6 19. Qxg6 Rf8 20. Bh6 Qe7 21.
Rxf8+ Qxf8 22. Rf1 Bf5 23. Rxf5 Qe8 24. Qxg7# 1-0

[Event "NCL967 Guildford-Invicta Kts"]
[Site "Rd1"]
[Date "1996.10.19"]
[Round "1.5"]
[White "Anderton, Matthew"]
[Black "Dickenson, Neil"]
[Result "1-0"]
[WhiteElo "2175"]
[BlackElo "2300"]
[PlyCount "81"]
[EventDate "1996.10.19"]
[Source "J.Saunders"]
[SourceDate "1998.06.06"]

1. e4 e6 2. d4 d5 3. Nc3 Nf6 4. Bg5 dxe4 5. Nxe4 Be7 6. Bxf6 gxf6 7. Nf3 b6 8.
Bc4 Bb7 9. Qe2 c6 10. O-O-O Nd7 11. Rhe1 Qc7 12. Kb1 O-O-O 13. Ba6 Rhe8 14.
Bxb7+ Kxb7 15. Qc4 Nb8 16. Qb3 Ka8 17. c4 Qb7 18. d5 cxd5 19. cxd5 exd5 20. Nc3
Bc5 21. Rxe8 Rxe8 22. Nxd5 Nd7 23. Qa4 Rc8 24. Qxd7 Qxd7 25. Nxb6+ Bxb6 26.
Rxd7 Bxf2 27. Rxf7 Be3 28. b3 Rc1+ 29. Kb2 Rf1 30. Rc7 Rf2+ 31. Rc2 Kb7 32.
Rxf2 Bxf2 33. Kc3 Kc6 34. Kc4 h5 35. b4 Kd6 36. a4 Be3 37. a5 a6 38. Nd4 Bg1
39. h3 Bf2 40. Nb3 Ke5 41. Nc5 1-0

[Event "NCL967 Guildford-Invicta Kts"]
[Site "Rd1"]
[Date "1996.10.19"]
[Round "1.6"]
[White "Howell, Chris"]
[Black "Shepley, Julien"]
[Result "1-0"]
[WhiteElo "2160"]
[BlackElo "2200"]
[PlyCount "71"]
[EventDate "1996.10.19"]
[Source "J.Saunders"]
[SourceDate "1998.06.06"]

1. e4 d5 2. exd5 Nf6 3. Nf3 Nxd5 4. Bc4 g6 5. O-O Bg7 6. Nc3 c6 7. d4 O-O 8.
Bg5 h6 9. Bh4 Bg4 10. Nxd5 cxd5 11. Bb3 Nc6 12. c3 Qd7 13. h3 Bf5 14. Bg3 Rad8
15. Nh4 e5 16. Nxf5 Qxf5 17. dxe5 Nxe5 18. Qe2 d4 19. cxd4 Rxd4 20. Rad1 Rfd8
21. Rxd4 Rxd4 22. Re1 Nc6 23. Qe8+ Bf8 24. Qa8 Rd7 25. Re8 Qc5 26. Bf4 g5 27.
Be3 Qd6 28. Ba4 Kg7 29. a3 Rc7 30. b4 b6 31. Bxc6 Rxc6 32. Rxf8 Qd1+ 33. Kh2
Qd6+ 34. g3 Qxf8 35. Qxc6 Qd8 36. h4 1-0

[Event "NCL967 Guildford-Invicta Kts"]
[Site "Rd1"]
[Date "1996.10.19"]
[Round "1.7"]
[White "Hill, David F"]
[Black "Powell, David H"]
[Result "1/2-1/2"]
[WhiteElo "1960"]
[BlackElo "2140"]
[PlyCount "58"]
[EventDate "1996.10.19"]
[Source "J.Saunders"]
[SourceDate "1998.06.06"]

1. d4 g6 2. e4 Bg7 3. c4 d6 4. Nf3 Bg4 5. d5 c6 6. h3 Bxf3 7. Qxf3 Nf6 8. Nc3
Na6 9. Be2 Nc5 10. O-O O-O 11. Rb1 a5 12. Bd1 Nfd7 13. Bc2 e6 14. Be3 Re8 15.
Na4 Nxa4 16. Bxa4 Qc7 17. Rbd1 exd5 18. exd5 Re7 19. dxc6 bxc6 20. Rd3 Rae8 21.
Bc2 Nf6 22. Bd4 Re6 23. Bc3 Rd8 24. Rdd1 Ra8 25. Rfe1 d5 26. cxd5 cxd5 27. Bb3
a4 28. Bc2 Ne4 29. Bd4 Rd8 1/2-1/2

[Event "NCL967 NW Eagles-Hertford"]
[Site "Rd2"]
[Date "1996.10.20"]
[Round "2.1"]
[White "Littlewood, John"]
[Black "Duncan, Chris"]
[Result "0-1"]
[WhiteElo "2275"]
[BlackElo "2340"]
[PlyCount "46"]
[EventDate "1996.10.20"]
[Source "J.Saunders"]
[SourceDate "1998.06.06"]

1. e4 c5 2. Nf3 d6 3. b4 cxb4 4. d4 Bg4 5. a3 bxa3 6. Nxa3 e6 7. Bb5+ Nd7 8.
O-O Be7 9. Nc4 Ngf6 10. Ba3 Nxe4 11. Qe1 Bf5 12. Nfd2 Nc3 13. Bxd7+ Qxd7 14.
Ne3 Bg6 15. f4 O-O 16. g4 Rac8 17. Bb4 Qc6 18. f5 exf5 19. gxf5 Bh5 20. Bxc3
Qxc3 21. Ne4 Qxd4 22. Rf4 Rxc2 23. f6 Re2 0-1

[Event "NCL967 NW Eagles-Hertford"]
[Site "Rd2"]
[Date "1996.10.20"]
[Round "2.2"]
[White "Swanson, Stephen"]
[Black "Quillan, Gary"]
[Result "0-1"]
[WhiteElo "2265"]
[BlackElo "2320"]
[PlyCount "80"]
[EventDate "1996.10.20"]
[Source "J.Saunders"]
[SourceDate "1998.06.06"]

1. e4 e6 2. d4 d5 3. e5 c5 4. c3 Nc6 5. Be3 Qb6 6. Qd2 Bd7 7. Nf3 f6 8. dxc5
Bxc5 9. Bxc5 Qxc5 10. b4 Qe7 11. exf6 Qxf6 12. b5 Na5 13. Na3 Rc8 14. Rc1 Qe7
15. Qb2 Nf6 16. Be2 e5 17. O-O Rc5 18. c4 d4 19. Nd2 O-O 20. Nb3 Nxb3 21. axb3
Bf5 22. b4 Rcc8 23. c5 Kh8 24. Nc4 Bg6 25. Qa3 Nd5 26. Bf3 e4 27. Bg4 Ra8 28.
Qg3 Nf4 29. Kh1 h5 30. Bh3 h4 31. Qg4 Rad8 32. g3 Bh5 33. Qxf4 Rxf4 34. gxf4
Qf6 35. Bg2 Qxf4 36. Rce1 Bf3 37. h3 Rd5 38. Rg1 Rg5 39. Nd6 e3 40. fxe3 dxe3
0-1

[Event "NCL967 NW Eagles-Hertford"]
[Site "Rd2"]
[Date "1996.10.20"]
[Round "2.3"]
[White "Tebb, David"]
[Black "Hanreck, Alan"]
[Result "1/2-1/2"]
[WhiteElo "2320"]
[BlackElo "2275"]
[PlyCount "92"]
[EventDate "1996.10.20"]
[Source "J.Saunders"]
[SourceDate "1998.06.06"]

1. e4 c5 2. Nf3 d6 3. d4 cxd4 4. Nxd4 Nf6 5. Nc3 a6 6. Qf3 Nbd7 7. h3 e6 8. Be3
Qc7 9. g4 h6 10. O-O-O b5 11. Bg2 Bb7 12. a3 Nc5 13. Qe2 Ncxe4 14. Nxe4 Nxe4
15. Bxe4 Bxe4 16. Rhe1 Qc4 17. Qd2 Rc8 18. Bf4 Bg6 19. Kb1 Be7 20. Re3 O-O 21.
Rc3 Qd5 22. Nf5 Bxf5 23. Qxd5 Bxc2+ 24. Rxc2 exd5 25. Re2 Rc4 26. Bg3 Re4 27.
Red2 Rc8 28. Rxd5 Re2 29. R5d2 Rxd2 30. Rxd2 Rc6 31. Rc2 Rxc2 32. Kxc2 d5 33.
Be5 f6 34. Bd4 Bd6 35. Kb3 Kf7 36. a4 Ke6 37. axb5 axb5 38. Bc3 Bc5 39. f3 d4
40. Be1 Kd5 41. Kc2 Kc4 42. b3+ Kd5 43. Kd3 Ba3 44. h4 g5 45. hxg5 hxg5 46. Ba5
Bc1 1/2-1/2

[Event "NCL967 NW Eagles-Hertford"]
[Site "Rd2"]
[Date "1996.10.20"]
[Round "2.4"]
[White "Byway, Paul"]
[Black "Merriman, John"]
[Result "1-0"]
[WhiteElo "2230"]
[BlackElo "2275"]
[PlyCount "61"]
[EventDate "1996.10.20"]
[Source "J.Saunders"]
[SourceDate "1998.06.06"]

1. d4 e6 2. Nf3 d5 3. Bf4 Bd6 4. Bg3 Nf6 5. e3 Ne4 6. Nbd2 Nxg3 7. hxg3 Nd7 8.
Bd3 f5 9. g4 O-O 10. c4 c6 11. Qc2 Qf6 12. gxf5 exf5 13. O-O-O g6 14. Qb3 Kg7
15. Rh3 a5 16. Rdh1 Rh8 17. cxd5 a4 18. Qd1 cxd5 19. Nh4 Nf8 20. f4 Be6 21.
Ndf3 a3 22. b3 Qd8 23. Ng5 Bd7 24. Nxg6 Nxg6 25. Rxh7+ Rxh7 26. Rxh7+ Kg8 27.
Qh5 Qe8 28. Kd1 Bf8 29. Rxd7 Qxd7 30. Qxg6+ Bg7 31. Bxf5 1-0

[Event "NCL967 NW Eagles-Hertford"]
[Site "Rd2"]
[Date "1996.10.20"]
[Round "2.5"]
[White "Lund, Brett"]
[Black "Moskovic, David"]
[Result "1-0"]
[WhiteElo "2260"]
[BlackElo "2185"]
[PlyCount "115"]
[EventDate "1996.10.20"]
[Source "J.Saunders"]
[SourceDate "1998.06.06"]

1. g3 d6 2. Bg2 g6 3. c4 Bg7 4. Nc3 c5 5. a3 Nc6 6. Rb1 e6 7. b4 Nge7 8. bxc5
dxc5 9. Bb2 O-O 10. h4 e5 11. h5 Be6 12. d3 Qd7 13. Nf3 f6 14. Nd2 Rad8 15. Nf1
f5 16. Ne3 b6 17. Ned5 Bf7 18. hxg6 hxg6 19. Qc1 Nxd5 20. cxd5 Ne7 21. e4 Nc8
22. Ne2 Qe7 23. f4 fxe4 24. dxe4 Rfe8 25. fxe5 Bxe5 26. Qh6 Bxb2 27. Rxb2 Qe5
28. Qh7+ Kf8 29. O-O Qg7 30. Qxg7+ Kxg7 31. Nf4 Nd6 32. Nh3 Bg8 33. Nf2 Re7 34.
Rc1 Nf7 35. Ng4 Ne5 36. Nxe5 Rxe5 37. a4 Re7 38. a5 Rd6 39. axb6 axb6 40. Rcb1
Rb7 41. e5 Rxd5 42. Bxd5 Bxd5 43. Rxb6 Rxb6 44. Rxb6 c4 45. Rd6 Be4 46. Rd7+
Kh6 47. Rc7 Bd5 48. Kf2 Kg5 49. Ke3 Kf5 50. Kd4 Be6 51. Rc6 Bg8 52. Rf6+ Kg5
53. Rf8 Be6 54. Rf4 Bg8 55. Rf6 Kh6 56. e6 Kg7 57. e7 Bf7 58. Rf2 1-0

[Event "NCL967 NW Eagles-Hertford"]
[Site "Rd2"]
[Date "1996.10.20"]
[Round "2.6"]
[White "Thethi, Pritpal"]
[Black "Clarke, Stuart"]
[Result "0-1"]
[WhiteElo "2000"]
[BlackElo "2285"]
[PlyCount "58"]
[EventDate "1996.10.20"]
[Source "J.Saunders"]
[SourceDate "1998.06.06"]

1. e4 e6 2. d4 d5 3. Nd2 Nf6 4. e5 Nfd7 5. Bd3 c5 6. c3 Nc6 7. Ne2 cxd4 8. cxd4
f6 9. exf6 Nxf6 10. O-O Bd6 11. Nf3 O-O 12. Bf4 Bxf4 13. Nxf4 Ne4 14. Qc1 Nb4
15. Bb1 Bd7 16. Qe3 Ng5 17. Ne5 Bb5 18. Rc1 Qf6 19. g3 Rac8 20. a4 Rxc1+ 21.
Qxc1 Be8 22. Qc5 Nc6 23. h4 Nxe5 24. hxg5 Nf3+ 25. Kg2 Nxg5 26. Qxa7 Bc6 27. b4
e5 28. Nd3 Qf3+ 29. Kf1 Ne4 0-1

[Event "NCL967 NW Eagles-Hertford"]
[Site "Rd2"]
[Date "1996.10.20"]
[Round "2.7"]
[White "Smith, Alan A"]
[Black "Denton, John"]
[Result "1-0"]
[WhiteElo "2225"]
[BlackElo "2008"]
[PlyCount "49"]
[EventDate "1996.10.20"]
[Source "J.Saunders"]
[SourceDate "1998.06.06"]

1. e4 c6 2. d4 d5 3. e5 Bf5 4. Nf3 e6 5. Be2 c5 6. Be3 cxd4 7. Nxd4 Bg6 8. O-O
Nd7 9. c4 dxc4 10. Bxc4 Bc5 11. Nc3 Ne7 12. Bxe6 fxe6 13. Nxe6 Qb6 14. Nxc5
Nxc5 15. Na4 Nxa4 16. Bxb6 Nxb6 17. Qb3 Be4 18. Rac1 Bd5 19. Qa3 Kf7 20. e6+
Bxe6 21. Qf3+ Nf5 22. g4 g6 23. gxf5 gxf5 24. Rc7+ Kf6 25. Qc3+ 1-0

[Event "NCL967 Wood Green-Croydon"]
[Site "Rd2"]
[Date "1996.10.20"]
[Round "2.1"]
[White "Littlewood, Paul"]
[Black "Wilson, Jon"]
[Result "1/2-1/2"]
[WhiteElo "2440"]
[BlackElo "2285"]
[PlyCount "115"]
[EventDate "1996.10.20"]
[Source "J.Saunders"]
[SourceDate "1998.06.06"]

1. d4 d5 2. c4 c6 3. Nf3 Nf6 4. Nc3 e6 5. Qb3 dxc4 6. Qxc4 b5 7. Qb3 a6 8. Bg5
Nbd7 9. e4 b4 10. Na4 h6 11. Bxf6 Qxf6 12. e5 Qf4 13. Qc2 Bb7 14. Be2 c5 15.
dxc5 Rc8 16. O-O Bxc5 17. Nxc5 Nxc5 18. Rad1 Bxf3 19. Bxf3 Qxe5 20. Bb7 Rc7 21.
Bxa6 O-O 22. Be2 Ne4 23. Qd3 Nf6 24. Rd2 Rfc8 25. Bf3 Rd7 26. Qe2 Qxe2 27. Rxe2
Ra7 28. b3 Rd7 29. g3 Rd4 30. Rfe1 Kf8 31. Kg2 Ke7 32. Re5 Rc2 33. R1e2 Rxe2
34. Rxe2 Kd6 35. Rc2 Nd5 36. Bxd5 exd5 37. Kf3 Rd3+ 38. Ke2 Rc3 39. Rd2 Ke5 40.
Kd1 Ke4 41. Re2+ Kd4 42. Re7 Rf3 43. Ke2 Rf6 44. Rc7 g5 45. h3 Ra6 46. Rc2 f5
47. Kd2 f4 48. gxf4 gxf4 49. Ke2 Re6+ 50. Kf3 Kd3 51. Rc5 d4 52. Rc4 Ra6 53.
Rxb4 Rxa2 54. Rb6 Kc3 55. Rxh6 d3 56. Rd6 d2 57. Ke2 d1=Q+ 58. Kxd1 1/2-1/2

[Event "NCL967 Wood Green-Croydon"]
[Site "Rd2"]
[Date "1996.10.20"]
[Round "2.3"]
[White "Law, Andrew"]
[Black "Ledger, Stephen"]
[Result "1/2-1/2"]
[WhiteElo "2370"]
[BlackElo "2250"]
[PlyCount "47"]
[EventDate "1996.10.20"]
[Source "J.Saunders"]
[SourceDate "1998.06.06"]

1. d4 Nf6 2. c4 c5 3. d5 b5 4. cxb5 a6 5. f3 e6 6. e4 c4 7. Bxc4 Bc5 8. Ne2 Qb6
9. Nbc3 axb5 10. Bxb5 O-O 11. Kf1 Bb7 12. Bc4 Na6 13. g3 Rfc8 14. Kg2 Bb4 15.
b3 Nc7 16. Qd3 exd5 17. exd5 Ra5 18. Be3 Qd6 19. Ne4 Nxe4 20. fxe4 Re8 21. Bf4
Qb6 22. Nd4 Na6 23. Nf5 Qf6 24. Qc2 1/2-1/2

[Event "NCL967 Wood Green-Croydon"]
[Site "Rd2"]
[Date "1996.10.20"]
[Round "2.4"]
[White "McGrath, James"]
[Black "Sowray, Peter"]
[Result "0-1"]
[WhiteElo "2088"]
[BlackElo "2350"]
[PlyCount "112"]
[EventDate "1996.10.20"]
[Source "J.Saunders"]
[SourceDate "1998.06.06"]

1. c4 g6 2. Nc3 Bg7 3. d4 c5 4. Nf3 cxd4 5. Nxd4 Nc6 6. e3 Nf6 7. Be2 O-O 8.
O-O b6 9. b3 Bb7 10. Bb2 Nxd4 11. Qxd4 Rc8 12. Rac1 d5 13. Nxd5 Ne8 14. Qd2 e6
15. Ba3 exd5 16. Bxf8 Bxf8 17. cxd5 Rxc1 18. Rxc1 Qxd5 19. Qxd5 Bxd5 20. Bc4
Ba3 21. Rc2 Be4 22. Rd2 Nd6 23. Bd5 Bf5 24. f3 Bc1 25. Re2 Bd3 26. Re1 Bd2 27.
Rd1 Bxe3+ 28. Kh1 Bc2 29. Re1 Bc5 30. g3 Kg7 31. Kg2 a5 32. f4 Nb5 33. Bc4 Nc3
34. a4 Be4+ 35. Kf1 f5 36. Rc1 Bd4 37. Ke1 h6 38. Kf1 g5 39. fxg5 hxg5 40. Re1
g4 41. Rc1 Kf6 42. Re1 Kg5 43. Rc1 Bf3 44. Re1 Ne4 45. Rc1 Be3 46. Rc2 Nd2+ 47.
Ke1 Nxc4 48. Rxc4 Bc5 49. Rc2 Bd5 50. Rb2 Bd4 51. Rb1 Kf6 52. Kd2 Be4 53. Rc1
Bc5 54. Kc3 Ke5 55. Rd1 Bb4+ 56. Kc4 Bf3 0-1

[Event "NCL967 Wood Green-Croydon"]
[Site "Rd2"]
[Date "1996.10.20"]
[Round "2.5"]
[White "Pert, Nicholas"]
[Black "Purdon, Colin"]
[Result "1-0"]
[WhiteElo "2195"]
[BlackElo "2064"]
[PlyCount "81"]
[EventDate "1996.10.20"]
[Source "J.Saunders"]
[SourceDate "1998.06.06"]

1. d4 d5 2. Nf3 c6 3. c4 Nf6 4. Nc3 dxc4 5. a4 Bf5 6. e3 e6 7. Bxc4 Bb4 8. O-O
Nbd7 9. Qe2 O-O 10. e4 Bg6 11. e5 Nd5 12. Ne4 h6 13. Bd2 Bxd2 14. Nfxd2 Qb6 15.
Nb3 Qb4 16. Nd6 N7b6 17. Rfc1 Nc8 18. Ne4 Ncb6 19. Nec5 Nf4 20. Qf1 Nxc4 21.
Qxc4 Qxc4 22. Rxc4 b6 23. g3 bxc5 24. gxf4 cxd4 25. Nxd4 Rfd8 26. Nxc6 Rd2 27.
b4 Kh7 28. b5 Rb2 29. Rb4 Rc2 30. a5 Bh5 31. a6 Bf3 32. Nd4 Rc3 33. Nxf3 Rxf3
34. b6 axb6 35. Rxb6 Rc3 36. Rb7 Kg6 37. a7 Rcc8 38. Rab1 Rc4 39. Rd7 Ra4 40.
Rbb7 Kf5 41. Rxf7+ 1-0

[Event "NCL967 Wood Green-Croydon"]
[Site "Rd2"]
[Date "1996.10.20"]
[Round "2.6"]
[White "Webster, Peter"]
[Black "Pert, Richard"]
[Result "1/2-1/2"]
[WhiteElo "1888"]
[BlackElo "2165"]
[PlyCount "58"]
[EventDate "1996.10.20"]
[Source "J.Saunders"]
[SourceDate "1998.06.06"]

1. e4 c5 2. c3 d5 3. exd5 Qxd5 4. d4 Nf6 5. Nf3 Bg4 6. Be2 e6 7. h3 Bh5 8. O-O
Be7 9. c4 Qd8 10. dxc5 Qxd1 11. Rxd1 Bxc5 12. Nc3 Nc6 13. Bf4 O-O 14. a3 Rfd8
15. b4 Bf8 16. Bc7 Rxd1+ 17. Rxd1 Rc8 18. Bd6 Bxd6 19. Rxd6 Kf8 20. g4 Bg6 21.
g5 Ne8 22. Rd7 Rc7 23. Rd2 Ke7 24. c5 Bh5 25. Nb5 Rc8 26. Nbd4 Nxd4 27. Nxd4
Bxe2 28. Nxe2 Nc7 29. Nc3 h6 1/2-1/2

[Event "NCL967 Richmond-Guildford"]
[Site "Rd2"]
[Date "1996.10.20"]
[Round "2.1"]
[White "McShane, Luke"]
[Black "Kennaugh, Charles"]
[Result "1/2-1/2"]
[WhiteElo "2385"]
[BlackElo "2290"]
[PlyCount "112"]
[EventDate "1996.10.20"]
[Source "J.Saunders"]
[SourceDate "1998.06.06"]

1. e4 e5 2. Nf3 Nc6 3. Bb5 a6 4. Ba4 Nf6 5. O-O Be7 6. Re1 b5 7. Bb3 O-O 8. a4
Rb8 9. axb5 axb5 10. Nc3 d6 11. h3 Nd4 12. Nxd4 exd4 13. Nd5 Nxd5 14. Bxd5 Bd7
15. d3 c6 16. Bb3 Qc7 17. Qh5 Bf6 18. Bf4 Rbe8 19. Qc5 Be5 20. Bxe5 Rxe5 21.
Qxd4 c5 22. Qc3 c4 23. dxc4 Rc5 24. Qd4 bxc4 25. Ba4 Be6 26. b4 cxb3 27. Bxb3
h6 28. Red1 Bxb3 29. cxb3 Rb8 30. Qxd6 Rxb3 31. Ra8+ Kh7 32. Qf8 Rd3 33. Qg8+
Kg6 34. Ra6+ f6 35. Qe8+ Kh7 36. Raa1 Rxd1+ 37. Rxd1 Qf4 38. g3 Qf3 39. Qa4 Rh5
40. h4 Re5 41. Re1 f5 42. Re3 Qg4 43. Qc2 Rxe4 44. Rc3 Re1+ 45. Kg2 Qe4+ 46.
Qxe4 Rxe4 47. h5 g5 48. Rc7+ Kg8 49. Rc6 Kh7 50. Rc5 f4 51. Kf3 Ra4 52. Rc7+
Kg8 53. g4 Rb4 54. Ke2 Rb2+ 55. Kf3 Rb4 56. Ke2 Rb2+ 1/2-1/2

[Event "NCL967 Richmond-Guildford"]
[Site "Rd2"]
[Date "1996.10.20"]
[Round "2.2"]
[White "Thompson, Ian"]
[Black "Bates, Richard"]
[Result "0-1"]
[WhiteElo "2300"]
[BlackElo "2315"]
[PlyCount "62"]
[EventDate "1996.10.20"]
[Source "J.Saunders"]
[SourceDate "1998.06.06"]

1. c4 Nf6 2. Nc3 g6 3. g3 Bg7 4. Bg2 O-O 5. e4 d6 6. Nge2 Nc6 7. O-O a6 8. h3
Rb8 9. a4 a5 10. d4 Nd7 11. Be3 e5 12. d5 Nb4 13. Na2 Na6 14. Bd2 b6 15. b4
axb4 16. Nxb4 Nxb4 17. Bxb4 f5 18. exf5 gxf5 19. Ra3 Nc5 20. f4 Na6 21. Bc3 Bd7
22. Qa1 Qe7 23. Re1 Nc5 24. fxe5 dxe5 25. Nf4 Ne4 26. Bxe4 fxe4 27. Rxe4 Qc5+
28. Kh2 Rxf4 29. Rxf4 exf4 30. Bxg7 Qf2+ 31. Kh1 fxg3 0-1

[Event "NCL967 Richmond-Guildford"]
[Site "Rd2"]
[Date "1996.10.20"]
[Round "2.3"]
[White "Webb, Laurence"]
[Black "Abayasekera, Roger"]
[Result "1/2-1/2"]
[WhiteElo "2295"]
[BlackElo "2255"]
[PlyCount "64"]
[EventDate "1996.10.20"]
[Source "J.Saunders"]
[SourceDate "1998.06.06"]

1. e4 c5 2. Nf3 Nc6 3. Bb5 g6 4. O-O Bg7 5. Re1 Nf6 6. e5 Nd5 7. Nc3 Nc7 8.
Bxc6 dxc6 9. d3 O-O 10. Ne4 Ne6 11. Be3 b6 12. Qd2 Nd4 13. Nxd4 cxd4 14. Bh6
Be6 15. Qf4 Bd5 16. Qh4 f6 17. Bxg7 Kxg7 18. exf6+ exf6 19. Re2 Qd7 20. Rae1
Rae8 21. h3 Bxe4 22. Rxe4 c5 23. Qf4 Rxe4 24. Qxe4 Kf7 25. Qh4 Kg7 26. c3 dxc3
27. bxc3 Re8 28. Re4 Rxe4 29. Qxe4 Kf7 30. d4 Qe6 31. Qb7+ Qe7 32. Qd5+ Qe6
1/2-1/2

[Event "NCL967 Richmond-Guildford"]
[Site "Rd2"]
[Date "1996.10.20"]
[Round "2.4"]
[White "Forster, Michael"]
[Black "Trifunovic, Aleks"]
[Result "1-0"]
[WhiteElo "2305"]
[BlackElo "2250"]
[PlyCount "77"]
[EventDate "1996.10.20"]
[Source "J.Saunders"]
[SourceDate "1998.06.06"]

1. e4 Nf6 2. e5 Nd5 3. c4 Nb6 4. c5 Nd5 5. Bc4 e6 6. Nc3 Nxc3 7. dxc3 Nc6 8.
Bf4 Bxc5 9. Qg4 g5 10. Bxg5 Rg8 11. Nh3 Be7 12. f4 Nxe5 13. fxe5 Bxg5 14. Qh5
Rg7 15. O-O Qe7 16. Bd3 h6 17. Rf3 b6 18. Be4 c6 19. Raf1 Kd8 20. b4 Ba6 21.
Rxf7 Be3+ 22. Kh1 Bxf1 23. Rxe7 Kxe7 24. Qh4+ Bg5 25. Nxg5 hxg5 26. Qh6 Rf7 27.
Bg6 Raf8 28. Qxg5+ Ke8 29. Qf6 Bd3 30. Bxf7+ Rxf7 31. Qh8+ Ke7 32. g4 Be4+ 33.
Kg1 b5 34. Qh4+ Kf8 35. g5 Bf5 36. Qh8+ Ke7 37. h4 Rf8 38. Qh6 Rg8 39. h5 1-0

[Event "NCL967 Richmond-Guildford"]
[Site "Rd2"]
[Date "1996.10.20"]
[Round "2.5"]
[White "Wall, Gavin"]
[Black "Anderton, Matthew"]
[Result "1/2-1/2"]
[WhiteElo "2305"]
[BlackElo "2175"]
[PlyCount "99"]
[EventDate "1996.10.20"]
[Source "J.Saunders"]
[SourceDate "1998.06.06"]

1. e4 e6 2. d4 d5 3. e5 c5 4. c3 Nc6 5. Nf3 Bd7 6. dxc5 Bxc5 7. b4 Bb6 8. Bd3
Nge7 9. Qe2 Qc7 10. Bf4 f5 11. h4 a6 12. O-O Ng6 13. Bh2 Qd8 14. h5 Nh4 15.
Nbd2 O-O 16. Bf4 Nxf3+ 17. Nxf3 Qe8 18. h6 Qh5 19. g3 Ne7 20. hxg7 Rf7 21. Kg2
Ng6 22. Bg5 Rxg7 23. Qd2 Bc6 24. Bf6 d4 25. Be2 d3 26. Bd1 Qg4 27. Qh6 Rf7 28.
Rh1 f4 29. Qh5 Qxh5 30. Rxh5 Bd8 31. Bxd8 Rxd8 32. g4 Kf8 33. Kf1 Rc7 34. Ng5
Bd5 35. Nxh7+ Kg7 36. Nf6 Nxe5 37. Nxd5 Rxd5 38. Bb3 Nc4 39. Rxd5 exd5 40. Rd1
Ne5 41. Bxd5 b5 42. Re1 Nxg4 43. Bf3 Nf6 44. Re6 Rxc3 45. Rd6 Ra3 46. Bb7 Rxa2
47. Rxd3 Ra4 48. Rd4 a5 49. Rxf4 axb4 50. Bc6 1/2-1/2

[Event "NCL967 Richmond-Guildford"]
[Site "Rd2"]
[Date "1996.10.20"]
[Round "2.6"]
[White "Shepley, Julien"]
[Black "Franklin, Michael"]
[Result "1/2-1/2"]
[WhiteElo "2200"]
[BlackElo "2255"]
[PlyCount "127"]
[EventDate "1996.10.20"]
[Source "J.Saunders"]
[SourceDate "1998.06.06"]

1. Nf3 d5 2. e4 e6 3. Nc3 Nf6 4. e5 Nfd7 5. d4 c5 6. dxc5 Nxc5 7. Bb5+ Nc6 8.
O-O a6 9. Bd3 Be7 10. Re1 O-O 11. Bf4 Bd7 12. Qd2 Rc8 13. Rad1 f5 14. exf6 gxf6
15. Bh6 Rf7 16. Qf4 Bf8 17. Nh4 Bxh6 18. Qxh6 Qf8 19. Qxf8+ Kxf8 20. a3 Nxd3
21. Rxd3 Ne5 22. Rd4 Nc4 23. Nd1 Rg7 24. f4 Nb6 25. Re2 Rc4 26. Nf3 Kf7 27. Ne3
Rxd4 28. Nxd4 Rg8 29. Rf2 Ke7 30. Rf3 Kd6 31. Rh3 Rg7 32. Rh6 Rf7 33. b3 Nc8
34. Kf2 Ne7 35. c4 Kc5 36. Nf3 dxc4 37. Nxc4 Nd5 38. g3 Bc6 39. Nfd2 Kd4 40.
Nd6 Rc7 41. b4 Kd3 42. N2e4 b6 43. Nxf6 Nxf6 44. Rxf6 Bd5 45. g4 Kd4 46. Nf7
Rc3 47. Ng5 Kc4 48. Nxe6 Rc2+ 49. Ke3 Rc3+ 50. Ke2 Rxa3 51. Nc7 Bf3+ 52. Kf2
Bxg4 53. Rxb6 Rf3+ 54. Kg2 Rxf4 55. Nxa6 h5 56. Nc7 Rf3 57. b5 Rb3 58. Rc6+ Kd4
59. Rd6+ Ke5 60. Rd5+ Kf4 61. Rd2 Bf3+ 62. Kf2 Bb7 63. Ne6+ Ke5 64. Nc7 1/2-1/2

[Event "NCL967 Richmond-Guildford"]
[Site "Rd2"]
[Date "1996.10.20"]
[Round "2.7"]
[White "Bass, John"]
[Black "Hill, David F"]
[Result "1-0"]
[WhiteElo "1944"]
[BlackElo "1960"]
[PlyCount "45"]
[EventDate "1996.10.20"]
[Source "J.Saunders"]
[SourceDate "1998.06.06"]

1. d4 Nf6 2. Nf3 e6 3. Bg5 h6 4. Bh4 c5 5. e3 cxd4 6. exd4 Be7 7. c3 O-O 8.
Nbd2 b6 9. Bd3 Ba6 10. Nc4 b5 11. Ne3 b4 12. c4 d5 13. c5 Bxd3 14. Qxd3 Nc6 15.
O-O g5 16. Bg3 Nd7 17. Rfe1 h5 18. h3 Bf6 19. Bd6 Re8 20. Nc2 Bg7 21. Qb5 Qc8
22. Nxg5 Bxd4 23. Qd3 1-0

[Event "NCL967 Midland Mons-Na Fianna"]
[Site "Rd2"]
[Date "1996.10.20"]
[Round "2.1"]
[White "Hebden, Mark"]
[Black "King, Danny"]
[Result "1/2-1/2"]
[WhiteElo "2530"]
[BlackElo "2535"]
[PlyCount "198"]
[EventDate "1996.10.20"]
[Source "J.Saunders"]
[SourceDate "1998.06.06"]

1. e4 c5 2. Nc3 d6 3. Bb5+ Bd7 4. Bxd7+ Qxd7 5. f4 Nc6 6. Nf3 g6 7. d3 Bg7 8.
O-O f5 9. Bd2 Nf6 10. Qe1 O-O 11. Qh4 Nd4 12. exf5 gxf5 13. Nxd4 cxd4 14. Ne2
e5 15. Qh3 Rac8 16. c4 dxc3 17. Nxc3 Ng4 18. Qf3 exf4 19. Bxf4 Ne5 20. Qd5+ Qf7
21. Rad1 Qxd5 22. Nxd5 Rc2 23. Bxe5 dxe5 24. Ne7+ Kf7 25. Nxf5 Rxb2 26. Rf3 Bf6
27. Rdf1 Ke6 28. Ne3 h5 29. a4 Re2 30. g4 e4 31. dxe4 hxg4 32. Nxg4 Bd4+ 33.
Kh1 Rxf3 34. Rxf3 Rxe4 35. h3 Bb6 36. Ra3 Re2 37. a5 Bc5 38. Rb3 b6 39. axb6
axb6 40. Rb1 Kf5 41. Nh2 Ke4 42. h4 Kd3 43. h5 Kc2 44. Rf1 Re5 45. h6 Rh5 46.
Rf6 Be3 47. Re6 Bxh6 48. Rxb6 Bf4 49. Kg2 Rxh2+ 50. Kf3 Bd2 51. Rc6+ Bc3 52.
Rd6 Rh4 53. Ke3 Rh5 54. Rd7 Bb4 55. Ke4 Kc3 56. Rd3+ Kc4 57. Rd4+ Kc5 58. Rd8
Rh4+ 59. Kd3 Kc6 60. Rd4 Rh3+ 61. Ke4 Bc5 62. Rd1 Re3+ 63. Kf5 Bd6 64. Rh1 Re5+
65. Kf6 Re4 66. Kf5 Rd4 67. Ke6 Bc5 68. Rh8 Re4+ 69. Kf5 Re1 70. Rh5 Bd6 71.
Rh7 Be5 72. Ra7 Bd6 73. Ra2 Bb4 74. Rb2 Kc5 75. Rb3 Kc4 76. Rf3 Bc5 77. Kg4 Bd4
78. Rf7 Kd5 79. Rf4 Be5 80. Ra4 Bd4 81. Kf3 Rf1+ 82. Kg2 Rf8 83. Ra6 Ke4 84.
Re6+ Be5 85. Re7 Rf5 86. Re8 Ke3 87. Rg8 Rf2+ 88. Kg1 Bh2+ 89. Kh1 Bf4 90. Rg2
Rf3 91. Ra2 Rh3+ 92. Kg1 Rh8 93. Rf2 Ke4 94. Kf1 Be3 95. Rg2 Kd3 96. Rg4 Rh2
97. Rg3 Rf2+ 98. Kg1 Ra2+ 99. Kf1 Rb2 1/2-1/2

[Event "NCL967 Midland Mons-Na Fianna"]
[Site "Rd2"]
[Date "1996.10.20"]
[Round "2.2"]
[White "Richardson, John"]
[Black "Arkell, Keith"]
[Result "0-1"]
[WhiteElo "2310"]
[BlackElo "2545"]
[PlyCount "100"]
[EventDate "1996.10.20"]
[Source "J.Saunders"]
[SourceDate "1998.06.06"]

1. d4 Nf6 2. c4 e6 3. Nc3 Bb4 4. e3 b6 5. Bd3 Bb7 6. f3 d5 7. cxd5 Nxd5 8. Nge2
O-O 9. e4 Ne7 10. a3 Bxc3+ 11. bxc3 Ba6 12. c4 Nbc6 13. Bb2 Ng6 14. f4 Na5 15.
Qc2 f6 16. f5 exf5 17. exf5 Ne7 18. Nf4 Re8 19. O-O Qd7 20. Ne6 b5 21. Nc5 Qd6
22. cxb5 Bc8 23. Bc3 Nb7 24. Qa2+ Kh8 25. Qf7 Rg8 26. Ne4 Qd8 27. Ng3 Nd6 28.
Qa2 Bb7 29. Rae1 Nd5 30. Bb4 Nxb4 31. axb4 Nc8 32. Qf2 Nd6 33. Nh5 Qd7 34. Nf4
Rge8 35. Ne6 Bd5 36. Qh4 Rac8 37. Re3 h6 38. Rfe1 Bc4 39. Bxc4 Nxc4 40. Rg3 Re7
41. Rg6 Rce8 42. Rc1 Rxe6 43. fxe6 Qxe6 44. Qh3 Qe2 45. Qc3 Nd2 46. h3 Re7 47.
Rg4 h5 48. Rf4 Re3 49. Qxc7 Rg3 50. Qd8+ Kh7 {... etc (illegible)} 0-1